[Event "Haarlem Nova College op-A 12th"]
[Site "Haarlem"]
[Date "2013.06.28"]
[Round "1"]
[White "Van den Doel, Erik"]
[Black "Wijnberg, Arjan"]
[Result "1-0"]
[WhiteElo "2582"]
[BlackElo "2140"]
[PlyCount "71"]
[EventDate "2013.06.28"]
[EventType "swiss"]
[EventRounds "6"]
[EventCountry "NED"]
[SourceTitle "CBM 155 Extra"]
[Source "ChessBase"]
[SourceDate "2013.08.26"]
[SourceVersion "1"]
[SourceVersionDate "2013.08.26"]
[SourceQuality "1"]

1. e4 c6 2. d4 d5 3. exd5 cxd5 4. c4 Nf6 5. Nc3 Nc6 6. Bg5 e6 7. Nf3 Be7 8. c5 0-0 9. Bb5 Bd7 10. Rc1 h6 11. Bh4 Re8 12. 0-0 Ne4 13. Bxe7 Qxe7 14. Re1 Nxc3 15. Rxc3 Ne5 16. Bf1 Ng6 17. b4 Rec8 18. b5 Qe8 19. a4 f6 20. Qb3 a6 21. c6 bxc6 22. b6 Rcb8 23. a5 Rb7 24. Qb1 Ne7 25. Nd2 c5 26. Rxc5 Nc6 27. Nb3 Qe7 28. Qc2 Qd6 29. Rc1 Nd8 30. Rc3 Ba4 31. Qa2 Bxb3 32. Qxb3 Kh7 33. Rc8 Rbb8 34. Rxb8 Qxb8 35. Rc7 Nb7 36. Qg3 1-0